| 000 | 00324nam a22001337a 4500 | ||
|---|---|---|---|
| 020 | _qPB. | ||
| 040 | _cFIZZA ISHAQ | ||
| 082 |
_a004.19 _bSHN |
||
| 100 |
_aSHNEIDERMAN,. _986828 |
||
| 245 |
_aDESIGNING THE USER INTERFACE / _cSHNEIDERMAN. |
||
| 260 |
_aNEW DEHLI : _bPEARON, _c2018. |
||
| 300 | _a622 P. ; | ||
| 942 |
_2ddc _cBK |
||
| 999 |
_c587416 _d587416 |
||